| 000 | 00658nam a2200205 4500 | ||
|---|---|---|---|
| 001 | 127464 | ||
| 003 | ES-MaACL | ||
| 005 | 20240607062958.0 | ||
| 007 | t| | ||
| 008 | 070214s1978 sp r ||||1| spa d | ||
| 100 | 1 |
_aRidruejo, Dionisio, _d1912-1975 _997065 |
|
| 245 | 1 | 4 |
_aLos cuadernos de Rusia _b: diario / _cDionisio Ridruejo ; edición al cuidado de Gloria de Ros y César Armando Gómez. |
| 250 | _a1ª ed. | ||
| 260 |
_aBarcelona : _bPlaneta, _c1978. |
||
| 300 |
_a296 p. ; _c21 cm. |
||
| 700 | 1 |
_aRos, Gloria de. _999574 |
|
| 700 | 1 |
_aGómez, César Armando. _957753 |
|
| 852 |
_aES-MaACL _jA-9533 _bR.98325 |
||
| 999 |
_c127464 _d127464 |
||